Online Catalogue and eLibrary

With Maya (Record no. 3387)

MARC details
000 -LEADER
fixed length control field 00355nam a2200169Ia 4500
005 - DATE AND TIME OF LATEST TRANSACTION
control field 20241120054815.0
008 - FIXED-LENGTH DATA ELEMENTS--GENERAL INFORMATION
fixed length control field 240331s9999 xx 000 0 und d
020 ## - INTERNATIONAL STANDARD BOOK NUMBER
ISBN 955957261X
082 ## - DDC Classification
Item Number - Author Mark RAN
Class No. 894
100 ## - MAIN ENTRY--PERSONAL NAME
Personal name Ranaweera, E
245 #0 - TITLE STATEMENT
Title With Maya
260 ## - PUBLICATION, DISTRIBUTION, ETC.
Place of publication, distribution, etc.
Date of publication, distribution, etc. 1997
300 ## - PHYSICAL DESCRIPTION
Extent (e.g. Volumes, Pages etc.) 82 P .,
650 ## - SUBJECT ADDED ENTRY--TOPICAL TERM
Topical term or geographic name entry element Poems
650 ## - SUBJECT ADDED ENTRY--TOPICAL TERM
Topical term or geographic name entry element Cultural
942 ## - Koha item type (Biblio)
Koha item type Books in Stacks (Lending)
Holdings
Lost status Damaged status Collection code Home library Current library Shelving location Date acquired Full call number Accession Number Item type
    Lending WERC Library WERC Library Social Science Cupboard 03/31/2024 894.8 RAN 1918 Books in Stacks (Lending)

© WERC Library